000 00726nam a2200205 i 4500
001 81080
003 ES-MaACL
005 20260215184531.0
007 t|
008 041102s1911 fr ||||1| fre d
100 0 _aHolleman, A. F.
_964030
245 1 0 _aTraité de Chimie Organique /
_cpar A.F. Holleman ; édition française transcrite par Marcel Bernheim ; revue et augmentée par l'auteur avec une préface de A. Haller.
260 _aParis :
_bL. Geisler,
_c1911.
300 _aVIII, 510 p. :
_bil. ;
_c24 cm.
650 7 _aQuímica orgánica
_2embne
_9136799
700 1 _aBernheim, Marcel.
_928334
700 1 _aHaller, Albin,
_d1849-1925
_961592
852 _aES-MaACL
_jG-13811
999 _c81080
_d81080